Statistics for Countries Closest to Vienna

Click here to take the quiz!

General Stats

  • This quiz has been taken 144 times
  • The average score is 19 of 20

Answer Stats

km country miles % Correct
194Germany120
100%
38Slovakia24
99%
149Slovenia92
99%
212Poland132
99%
58Czechia36
98%
275Italy171
98%
52Hungary33
98%
464Switzerland288
98%
184Croatia114
96%
605France376
96%
519Liechtenstein323
96%
329Bosnia and
Herzegovina
204
95%
318Serbia197
94%
556San Marino345
93%
375Romania233
89%
647Kosovo402
87%
427Ukraine266
85%
556Montenegro345
84%
657Bulgaria408
79%
636Belarus295
75%

Score Distribution

Percentile by Number Answered

Percent of People with Each Score

Your Score History

You have not taken this quiz